LEADER 00794naa a2200205 u 4500 001 000000100422 003 CaOOAMICUS 005 20070226130203.0 008 051121s1973 it u000 u ita u 035 $a11069761 040 $aIAR$bita 100 1 $aMartinelli, Bortolo.$0(OLS)http://pul/name/62947 245 14$aUna lettera inedita di Maria Pascoli al fratello Giovanni defunto /$c[Bortolo Martinelli]. 260 $a[Milano :$bVita e pensiero],$c[1973] 300 $aS. 144-154 ;$c25 cm 730 0 $aAevum$g[Spogli].$0(OLS)http://pul/title/11692 773 0 $aAevum ;.$k47 (1973) 773 0 $tAevum$w()8026 996 $6245$aUna lettera inedita di Maria Pascoli al fratello Giovanni defunto$9(OLS)http://pul/title/127320 996 $6260$a[Milano :$bVita e pensiero]$9(OLS)http://pul/publisher/79155 LEADER 01290nam a2200337 u 4500 001 000000056339 003 CaOOAMICUS 005 20070226120449.0 008 010405s1953 it u000 u ita u 035 $a10871274 040 $aPUL(R)$bita 100 1 $aCarbone, Vincenzo,$csacerdote,$d1920-2014.$0(OLS)http://pul/name/1239 245 10$aTeologia del S. Cuore di Gesł /$cVincenzo Carbone. 260 $aRoma :$bStudium,$c1953. 300 $a139 p. ;$c19 cm 490 1 $aProfili e sintesi ;$v4 504 $aBibliografia in nota. 650 4$aCristologia.$0(OLS)http://pul/subject/1402 650 4$aSacro Cuore.$0(OLS)http://pul/subject/12712 650 4$aSalvezza.$0(OLS)http://pul/subject/2067 830 0$aProfili e sintesi ;$v4.$0(OLS)http://pul/title/9112 850 $aPUL 852 $aPUL$W1$xDP2 Religione 1$y63$m65 F 12$j73914$qStampati$B73914$CPULBib$Z2$F73914 $82 852 $aPUL$W1$xDP1 Fondo Cecchetti$y53$m286 F 21$j73915$nBK-PRI$b $qFondi$B73915$CPULBib$Z2$F73915 $81 941 1 $a8 941 1 $a1 960 $aIesus Christus$91402 960 $aIesus Christus$91402 961 $aINV: 34414 996 $6245$aTeologia del S. Cuore di Gesł$9(OLS)http://pul/title/75352 996 $6260$aRoma :$bStudium$9(OLS)http://pul/publisher/47892